| 000 | 00951cam a22002655a 4500 | ||
|---|---|---|---|
| 001 | 11849434 | ||
| 005 | 20201128023958.0 | ||
| 008 | 991123s2000 ctua frb 001 0 eng d | ||
| 020 | _a9781567202922 | ||
| 040 |
_aDLC _cDLC _dDLC _dEG-ScBUE _beng |
||
| 082 | 0 | 4 |
_a333.7 _222 _bSTE |
| 100 | 1 | _aStern, Alissa J. | |
| 245 | 1 | 4 |
_aThe process of business/environmental collaborations : _bpartnering for sustainability / _cAlissa J. Stern, Tim Hicks. |
| 260 |
_aWestport : _bQuorum Books, _c2000. |
||
| 300 |
_axi, 204 p. : _bill. ; _c24 cm. |
||
| 500 | _aIndex : p. [201]-204. | ||
| 504 | _aBibliography : p. [397]-200. | ||
| 650 | 7 |
_aSustainable development. _2BUEsh _93569 |
|
| 650 | 7 |
_aEconomic development _xEnvironmental aspects. _2BUEsh _94783 |
|
| 650 | 0 |
_aCorporations _xEnvironmental aspects _vCase studies. _2BUEsh _922536 |
|
| 650 | 7 |
_aCooperation. _2BUEsh _91642 |
|
| 653 |
_bBUSADM _cNovember2016 |
||
| 700 | 1 |
_aHicks, Tim, _d1949- |
|
| 942 | _2ddc | ||
| 999 |
_c23039 _d23011 |
||